[Event "Let's Play Chess!"]
[Site "http://www.queenalice.com/game.php?id=704369"]
[Date "2009.12.28"]
[Round "-"]
[White "Apenas_mais_um_iniciante"]
[Black "dnptrs"]
[Result "0-1"]
[WhiteElo "1419"]
[BlackElo "2119"]

1. d4 Nf6 2. c4 e6 3. Nc3 d5 4. Nf3 Be7 5. e3 O-O 6. Bd3 c6 7. O-O Nbd7 8. b3 b6
9. Bb2 Bb7 10. Rc1 Rc8 11. Qd2 Qc7 12. cxd5 exd5 13. Nb5 Qb8 14. Nc3 Rfd8 0-1

[Event "Let's Play Chess!"]
[Site "http://www.queenalice.com/game.php?id=704370"]
[Date "2009.12.29"]
[Round "-"]
[White "Apenas_mais_um_iniciante"]
[Black "vitte10"]
[Result "0-1"]
[WhiteElo "1500"]
[BlackElo "1833"]

1. d4 d5 2. c4 e6 3. Nc3 Nf6 4. Nf3 Be7 5. e3 b6 6. Bd3 Bb7 7. O-O O-O 8. b3 c5
9. dxc5 Bxc5 10. cxd5 Nxd5 11. Bb2 Nd7 12. Qc2 f5 13. Nxd5 Bxd5 14. Qc3 Nf6 15.
b4 Bd6 16. Nd4 Rc8 17. Qd2 Nh5 18. f3 Rf6 19. Nb5 Rg6 20. Nxa7 Qh4 21. h3 Qxh3
22. Rf2 Qh2+ 23. Kf1 Qh1+ 24. Ke2 Ng3# 0-1

[Event "Let's Play Chess!"]
[Site "http://www.queenalice.com/game.php?id=704386"]
[Date "2009.12.29"]
[Round "-"]
[White "vitte10"]
[Black "Apenas_mais_um_iniciante"]
[Result "1-0"]
[WhiteElo "1836"]
[BlackElo "1467"]

1. e4 c5 2. Nf3 Nc6 3. d4 cxd4 4. Nxd4 e6 5. Nc3 Bc5 6. Be3 Qb6 7. Nxc6 Bxe3 8.
fxe3 Qxe3+ 9. Qe2 Qxe2+ 10. Bxe2 bxc6 11. O-O-O a5 12. g4 h6 13. Na4 Nf6 14. Nc5
Ke7 15. e5 Nd5 16. Bf3 Rd8 17. Rhg1 g5 18. Rg3 a4 19. Ne4 a3 20. b3 Bb7 21. Nc5
Rab8 22. Bxd5 cxd5 23. b4 d6 24. exd6+ Rxd6 25. Rxa3 Bc6 26. Ra7+ Bd7 27. a3 f5
28. gxf5 exf5 29. Re1+ 1-0

[Event "Let's Play Chess!"]
[Site "http://www.queenalice.com/game.php?id=704394"]
[Date "2009.12.28"]
[Round "-"]
[White "Apenas_mais_um_iniciante"]
[Black "gustavline"]
[Result "0-1"]
[WhiteElo "1433"]
[BlackElo "1766"]

1. Nf3 Nf6 2. g3 g6 3. Bg2 Bg7 4. O-O O-O 5. d4 d6 6. c4 c6 7. Nc3 b6 8. e4 Bg4
9. Be3 a6 10. a4 a5 11. h3 Bd7 12. Qd2 Qc8 13. Kh2 Na6 14. b3 Nb4 15. Ne1 Ne8
16. Nd3 Nxd3 17. Qxd3 Nc7 18. Rad1 Na6 19. c5 Nb4 20. Qd2 Re8 0-1

[Event "Let's Play Chess!"]
[Site "http://www.queenalice.com/game.php?id=704401"]
[Date "2009.12.28"]
[Round "-"]
[White "gustavline"]
[Black "Apenas_mais_um_iniciante"]
[Result "1-0"]
[WhiteElo "1762"]
[BlackElo "1456"]

1. d4 d5 2. c4 dxc4 3. Nc3 Nf6 4. e4 e6 5. a3 Be7 6. Bxc4 O-O 7. Nf3 c5 8. d5
exd5 9. exd5 a6 10. a4 b6 11. O-O Bb7 12. Bf4 Re8 13. Ne5 Bd6 14. Re1 Qc7 15.
Qe2 Nbd7 16. Qd2 Nxe5 17. Bxe5 Rxe5 18. Rxe5 Bxe5 19. Re1 Bxh2+ 20. Kh1 Bf4 21.
Qd1 1-0

[Event "AUTO-OPEN-1815"]
[Site "http://www.queenalice.com/game.php?id=704512"]
[Date "2009.12.27"]
[Round "1"]
[White "Apenas_mais_um_iniciante"]
[Black "adilson_camargo"]
[Result "0-1"]
[WhiteElo "1419"]
[BlackElo "1815"]

1. d4 d5 2. c4 c5 3. dxc5 d4 4. Nf3 Nc6 5. e3 Qa5+ 6. Bd2 Qxc5 7. exd4 Nxd4 8.
Nxd4 Qxd4 9. Nc3 e6 10. Be2 Nf6 0-1

[Event "AUTO-OPEN-1815"]
[Site "http://www.queenalice.com/game.php?id=704514"]
[Date "2009.12.27"]
[Round "1"]
[White "Apenas_mais_um_iniciante"]
[Black "holandes"]
[Result "0-1"]
[WhiteElo "1419"]
[BlackElo "1956"]

1. e4 e5 2. Nf3 Nc6 3. d4 d6 4. dxe5 Nxe5 5. Nxe5 dxe5 6. Qxd8+ Kxd8 7. Nc3 Be6
8. Be3 c6 9. Na4 b6 10. g3 Kc7 11. f4 f6 12. Bg2 Rd8 13. Kf2 Bd6 14. Rad1 Ne7
15. Rd2 c5 16. Rhd1 Nc6 17. b3 Rd7 18. Nc3 a6 19. Bf1 b5 20. f5 Bf7 21. Kf3 Rhd8
22. Nd5+ Bxd5 23. Rxd5 Nb4 24. R5d2 Nxa2 25. Ra1 Nc3 26. Rxa6 b4 27. Ra5 Kc6 28.
Ra6+ Kc7 29. Bc4 Be7 30. Ra7+ Kc6 31. Ra6+ Kc7 32. Bd5 Nxd5 33. exd5 Rxd5 34.
Ra7+ Kb6 35. Rxd5 Rxd5 36. Rxe7 Rd1 0-1